| 000 | 00503 a2200169 4500 | ||
|---|---|---|---|
| 003 | OSt | ||
| 005 | 20230919142231.0 | ||
| 008 | 230919b |||||||| |||| 00| 0 eng d | ||
| 020 | _a9789355494362 | ||
| 040 | _coclc | ||
| 082 |
_a954.83 _bKUR/M |
||
| 100 |
_aKurup, K K N _d1939- author. _91879 |
||
| 245 |
_aMALABARILE BRITISH ADHINIVESAM / _cK K N Kurup |
||
| 260 |
_aKozhikode: _bMathrubhumi books, _c2022. |
||
| 300 | _a232 p | ||
| 942 |
_2ddc _cBK _h954.83 _iKUR/M _k954.83 _mKUR/M |
||
| 999 |
_c42278 _d42278 |
||